Statystyki dla Największe wyspy według kontynetu!

Kliknij tutaj aby rozwiązać quiz!

Ogólne statystyki

  • Ten quiz został rozwiązany 106 razy
  • Średni wynik to 9 z 21

Statystyki odpowiedzi

Lp.powierzchniaPaństwa/oKontynetWyspa% Poprawnych
1.2 166 086DaniaAmeryka PółnocnaGrenlandia
100%
1.587 040-AfrykaMadagaskar
76%
1.209 331-EuropaWielka Brytania
73%
2.101 826-EuropaIslandia
67%
3.84 406-EuropaIrlandia
65%
2.743 330Brunei, Malezja, IndonezjaAzjaBorneo
57%
1.786 000Papua Nowa Gwinea/IndonezjaOceaniaNowa Gwinea
54%
1.786 000Indonezja/Papua Nowa GwineaAzjaNowa Gwinea
54%
1.47 992Argentyna, ChileAmeryka PoludniowaZiemia Ognista
48%
3.473 605IndonezjaAzjaSumatra
46%
3.115 778Nowa ZelandiaOceaniaWyspa Północna
45%
2.150 416Nowa ZelandiaOceaniaWyspa Południowa
45%
2.507 451KanadaAmeryka PółnocnaZiemia Baffina
43%
2.2 511FrancjaAfrykaReunion
37%
3.217 291KanadaAmeryka PółnocnaWyspa Wiktorii
32%
3.2 017Gwinea RównikowaAfrykaBioko
7%
1.49 070+AntarktydaWyspa Aleksandra
3%
2.40 100BrazyliaAmeryka PołudniowaMarajo
2%
3.19 163BrazyliaAmeryka PołudniowaWyspa Bananowa
0%
2.43 873+AntarktydaWyspa Beknera
0%
3.15 700+AntarktydaWyspa Thurstona
0%

Rozkład punktacji

Percentyl według liczby udzielonych odpowiedzi

Procent ludzi z każdym wynikiem

Twoja historia wyników

Nie rozwiązałeś tego quizu